00985 a2200205 45000010006000000050017000060080041000230030015000640400040000790800038001192450043001572640034002003000019002345050333002539420007005865900036005931000029006299990015006589520106006735427520260407155814.0260407a1965 arg spa dAR-UNSa-BCEJYS aAR-UNSa-BCEJYSbspacAR-UNSa-BCEJYS a336.74xMoneda. Sistema monetario10aEl dinero y las estructuras monetarias 1aBuenos Aires :bAguilarc1965 a316 p.c18 cm. a1. Carácter inmaterial del dinero – 2. Dinero escritural – 3. Teoría económica del dinero – 4. Teoría jurídica del dinero – 5. Nueva teoría jurídica del dinero – 6. Monedas y sistemas monetarios – 7. El oro – 8. Cambio exterior y régimen de divisas – 9. Hacia una moneda jurídica internacional. cBK aniveau_biblio:m niveau_hierar:01 aOlarra Jiménez, Rafael c5444d5444 00104070aBCEJYSbBCEJYSc16d2026-04-07l0o336.74 O42pL23939r2026-04-07 15:58:14w2026-04-07yL